1887 1780 1822 1519 1163 1260 1204 1982 1089 1540 1393 1901 1028 1675 1782 1705 1985 1732 1036 1488 1818 1752 1679 1796 1619 1588 1895 1641 1996 1173 1124 1447 1362 1915 1429 1598 1151 1269 1081 1599 1400 1712 1675 1218 1669 1449 1269 1902 1074 1029 1219 1750 1977 1201 1083 1759 1987 1778 1824 1332 1387 1285 1678 1288 1002 1255 1947 1593 1023 1982 1594 1591 1211 1242 1364 1528 1357 1408 2000 1786 1015 1224 1046 1885 1612 1177 1606 1788 1136 1853 1605 1252 1193 1996 1357 1194 1823 1334 1236 BCNSPRNW ULIB Ver.6.0+V

เปลี่ยนเป็นภาษาไทย

Change to English
 แสดงรายละเอียดบรรณานุกรม
  กลับหน้าหลัก

Brief Record : Get Marc (ISO 2709) : E-mail record : QR code < ปิดหน้าต่าง
LEADER : 00000nam 2200000uu 4500
001    13399111906
003     ULIB
008    110712s2553||||th 000 0 tha d
020    9746435469(ล.1)
060  4 WY106^bม246อ ล1
110 1  มหาวิทยาลัยสุโขทัยธรรมาธิราช^bสาขาวิชาพยาบาลศาสตร์
245 00 เอกสารการสอนชุดวิชา การพยาบาลชุมชนและการรักษาพยาบาลเบื้องต้น หน่วยที่1-7=^bCommunity nursing and primary medical care/^cมหาวิทยาลัยสุโขทัยธรรมาธิราช
246 0  Community nursing and primary medical care
250    พิมพ์ครั้งที่ 11
260    นนทบุรี:^bศูนย์หนังสือมหาวิทยาลัยสุโขทัยธรรมาธิราช,^c2553
300    600 หน้า
945    ^p245^l0^i030798
945    ^p245^l0^i030799
945    ^p245^l0^i030800
995    กัณชพร
999    ^aใช้งานได้ทุกระบบ
รายการนี้ยังไม่มีแท็ก
คุณยังไม่ได้ล็อกอิน คุณสามารถมีกิจกรรมร่วมกับเว็บไซต์ได้ แต่ต้องล็อกอินก่อน ::
  ล็อกอิน

รายการสื่อสารสนเทศ

ลำดับที่ ประเภท เลขเรียก/บาร์โค้ด สถานที่ สถานะ
1. วิทยาศาสตร์การแพทย์ และสุขภาพ
วิทยาศาสตร์การแพทย์ และสุขภาพ
WY106 ม246อ ล1 ฉ.3 
  Barcode: 030798
ห้องสมุดวิทยาเขตสวรรค์ประชารักษ์
►ส่วนจัดเก็บหนังสือเก่า สปร
บนชั้น
  ขอยืม
2. วิทยาศาสตร์การแพทย์ และสุขภาพ
วิทยาศาสตร์การแพทย์ และสุขภาพ
WY106 ม246อ ล1 ฉ.4 
  Barcode: 030799
ห้องสมุดวิทยาเขตสวรรค์ประชารักษ์
►ส่วนจัดเก็บหนังสือเก่า สปร
บนชั้น
  ขอยืม
3. วิทยาศาสตร์การแพทย์ และสุขภาพ
วิทยาศาสตร์การแพทย์ และสุขภาพ
WY106 ม246อ ล1 ฉ.5 
  Barcode: 030800
ห้องสมุดวิทยาเขตสวรรค์ประชารักษ์
►ส่วนจัดเก็บหนังสือเก่า สปร
บนชั้น
  ขอยืม

BibComment


ยังไม่เคยถูกคอมเมนท์

คอมเมนท์ทรัพยากรรายการนี้
  คอมเมนท์: เอกสารการสอนชุดวิ..


 Copyright 2026. Bcnsprnw @Library